Words Starting with "Trans" - Statistics

General Stats
  • This quiz has been taken 34,814 times
    34,807 since last reset
  • The average score is 11 of 20
Answer Stats
Definition Word % Correct
See-through Transparent
87%
To move something to a different location Transport
80%
To change from one language to another Translate
74%
Injection of blood Transfusion
72%
Somewhat see-through Translucent
68%
To convert speech to text Transcribe
66%
Cross-dresser Transvestite
66%
From New York to London, e.g. Transatlantic
60%
To rise above petty concerns Transcend
59%
To repot a tree, for example Transplant
56%
To happen Transpire
52%
To rewrite music in a different key Transpose
52%
Tiny component of a computer chip Transistor
50%
To violate law or custom Transgress
47%
Broadcast message Transmission
46%
Drifter Transient
44%
Passage of a planet directly between the Earth and Sun Transit
41%
An exchange or trade Transaction
34%
To mesmerize Transfix
31%
Conversion of bread and wine into the body and blood of Christ Transubstantiation
28%
No matching quizzes found
Score Distribution
Percent of People with Each Score
Percentile by Number Answered
Your Score History
You have not taken this quiz since the last reset